000 00516nam a2200169 a 4500
001 000028978
005 20200930055244.0
008 110413s1980 dr 000 e spa d
040 _aDO-SdBNP
_bspa
_cBNPHU
082 _axxx
_bS232a, 1980
100 1 _aSantana, Julio César
_936086
245 1 0 _aAmemos nuestra patria :
_bensayo /
_cJulio César Santana.
250 _a3a ed. rev.
260 _aSan Pedro de Macorís, República Dominicana :
_bImp. Altagracia,
_c1980.
300 _a24 p. ;
_c21 cm.
049 _aBNPD
999 _c28470
_d28470